Knighted Footballers - Statistics

General Stats
  • This quiz has been taken 91 times
  • The average score is 5 of 13
Answer Stats
Year Awarded Recipient % Correct
1994 Bobby Charlton
89%
2025 David Beckham
89%
1999 Alex Ferguson
56%
1965 Stanley Matthews
47%
2018 Kenny Dalglish
42%
1998 Geoff Hurst
41%
2002 Bobby Robson
39%
2025 Gareth Southgate
34%
1967 Alf Ramsey
29%
1968 Matt Busby
21%
1998 Tom Finney
18%
1978 Walter Winterbottom
13%
2004 Trevor Brooking
12%
No matching quizzes found
Score Distribution
Percent of People with Each Score
Percentile by Number Answered
Your Score History
You have not taken this quiz